| 000 | 00496nam a22001697a 4500 | ||
|---|---|---|---|
| 999 |
_c9119 _d9119 |
||
| 008 | 210323b ||||| |||| 00| 0 eng d | ||
| 040 | _aBMS College of Architecture | ||
| 100 | _aB, R, Namitha | ||
| 245 | _aAranya Vikas bhavan Hassan | ||
| 300 | _aNA | ||
| 500 | _a1BM05AT023 | ||
| 502 |
_8B.Arch _NBMS College of Architecture, Visvesvaraya Technological University _aProject report _d2011 |
||
| 650 | _aHassan | ||
| 700 |
_aK Manjula _eGuide |
||
| 700 |
_aPushpa D _eGuide |
||
| 942 |
_2ddc _cTHE |
||